Estadísticas para Ganadores de la Copa de Alemania

Haz click aquí para intentar la prueba.

Estadísticas generales

  • Esta prueba ha sido intentada 44 veces
  • La puntuación promedio es 61 de 80

Estadísticas de respuestas

TemporadaCampeón% Correcto
1983-84Bayern de Múnich
100%
2004-05Bayern de Múnich
100%
1968-69Bayern de Múnich
100%
1970-71Bayern de Múnich
100%
1981-82Bayern de Múnich
100%
1985-86Bayern de Múnich
100%
1997-98Bayern de Múnich
100%
1999-00Bayern de Múnich
100%
1956-57Bayern de Múnich
100%
2002-03Bayern de Múnich
100%
2005-06Bayern de Múnich
100%
1965-66Bayern de Múnich
100%
2007-08Bayern de Múnich
100%
2009-10Bayern de Múnich
100%
2012-13Bayern de Múnich
100%
2013-14Bayern de Múnich
100%
2015-16Bayern de Múnich
100%
2018-19Bayern de Múnich
100%
2019-20Bayern de Múnich
100%
1966-67Bayern de Múnich
100%
2021-22RB Leipzig
98%
2022-23RB Leipzig
98%
1964-65Borussia Dortmund
95%
2020-21Borussia Dortmund
95%
2016-17Borussia Dortmund
95%
2011-12Borussia Dortmund
95%
1988-89Borussia Dortmund
95%
1937FC Schalke 04
93%
1971-72FC Schalke 04
93%
1992-93Bayer 04 Leverkusen
91%
1962-63Hamburgo SV
91%
1986-87Hamburgo SV
91%
1975-76Hamburgo SV
91%
1936VfB Leipzig
91%
1993-94Werder Bremen
88%
1998-99Werder Bremen
88%
1990-91Werder Bremen
88%
1960-61Werder Bremen
88%
2008-09Werder Bremen
88%
2003-04Werder Bremen
88%
1959-60Borussia Mönchengladbach
84%
1994-95Borussia Mönchengladbach
84%
1972-73Borussia Mönchengladbach
84%
1957-58VfB Stuttgart
84%
1953-54VfB Stuttgart
84%
1996-97VfB Stuttgart
84%
2014-15VfL Wolfsburgo
81%
1940Dresdner SC
79%
1941Dresdner SC
79%
1987-88Eintracht Frankfurt
77%
1980-81Eintracht Frankfurt
77%
2017-18Eintracht Frankfurt
77%
1974-75Eintracht Frankfurt
77%
1973-74Eintracht Frankfurt
77%
1967-68FC Colonia
77%
1976-77FC Colonia
77%
1977-78FC Colonia
77%
1982-83FC Colonia
77%
2010-11FC Schalke 04
72%
2000-01FC Schalke 04
72%
2001-02FC Schalke 04
72%
1961-62FC Núremberg
51%
1935FC Núremberg
51%
1939FC Núremberg
51%
2006-07FC Núremberg
51%
1978-79Fortuna Düsseldorf
49%
1979-80Fortuna Düsseldorf
49%
1991-92Hannover 96
49%
1942TSV 1860 Múnich
42%
1963-64TSV 1860 Múnich
42%
1995-96Kaiserslautern
40%
1989-90Kaiserslautern
40%
1938Rapid Viena
16%
1952-53Rot-Weiss Essen
12%
1958-59Schwarz-Weiss Essen
12%
1943First Vienna
9%
1954-55Karlsruher
9%
1955-56Karlsruher
9%
1984-85Bayer Uerdingen
2%
1969-70Kickers Offenbach
2%

Distribución de puntuación

Porcentaje por número respondido

Porcentaje de gente con cada puntuación

Historial de tus puntuaciones

No has intentado esta prueba.